000 00719nam a22002177a 4500
003 0
005 20250912095151.0
008 250912b xxu||||| |||| 00| 0 eng d
020 _a978-1-83683-106-8
050 _aHD 30.2
_b.S74 2025
100 _aSterling, Silas,
_eauthor.
245 _aIT and strategic management /
_cSilas Sterling.
250 _aFirst edition.
260 _aLondon, UK :
_bVintage Press Ltd,
_c2025.
300 _aix, 280 pages :
_bcolored illustrations ;
_c24 cm.
504 _aIncludes bibliographical references and index.
650 _aManagement information systems.
650 _aStrategic planning
_xData processing.
650 _aInformation technology
_xManagement.
942 _2lcc
_cBK
999 _c367916
_d367916